Locating india's intelligence agencies in a democratic framework / (Record no. 156236)
[ view plain ]
| 000 -LEADER | |
|---|---|
| fixed length control field | 00657nam a22001937a 4500 |
| 005 - DATE AND TIME OF LATEST TRANSACTION | |
| control field | 20180828150521.0 |
| 010 ## - LCCN (DPL NO) | |
| LC control number | ENG-123855 |
| 020 ## - INTERNATIONAL STANDARD BOOK NUMBER | |
| International Standard Book Number | 9789380502731 |
| Terms of availability | 195.00 |
| 035 ## - SYSTEM CONTROL NUMBER | |
| System control number | EN-107387 |
| 037 ## - SOURCE OF ACQUISITION | |
| Source of stock number/acquisition | DBAD/PUB. |
| 082 ## - DEWEY DECIMAL CLASSIFICATION NUMBER | |
| Classification number | 327.120954 |
| 100 ## - MAIN ENTRY--PERSONAL NAME | |
| Personal name | Sheikh, Danish |
| 245 ## - TITLE STATEMENT | |
| Title | Locating india's intelligence agencies in a democratic framework / |
| Statement of responsibility, etc | by Danish Sheikh |
| 260 ## - PUBLICATION, DISTRIBUTION, ETC. (IMPRINT) | |
| Place of publication, distribution, etc | New Delhi |
| Name of publisher, distributor, etc | KW Publishers Pvt. Ltd. |
| Date of publication, distribution, etc | 2011 |
| 270 ## - ADDRESS | |
| Address | 4676/21, 1st Floor, Ansari Road, Daryaganj, |
| City | New Delhi |
| Postal code | 110002 |
| 300 v# - PHYSICAL DESCRIPTION | |
| Extent | xi,60p. |
| Dimensions | 23cm(pbk.) |
| 500 ## - GENERAL NOTE | |
| General note | It includes notes, conclusion and references |
| 942 ## - ADDED ENTRY ELEMENTS (KOHA) | |
| Source of classification or shelving scheme | Dewey Decimal Classification |
| Item type | English Books |
| Call number suffix | SHE |
| Classification part | 327.120954 |
| Withdrawn status | Lost status | Not for loan | Collection code | Home library | Current library | Date acquired | Source of acquisition | Cost, normal purchase price | Full call number | Barcode | Copy number | Cost, replacement price | Koha item type |
|---|---|---|---|---|---|---|---|---|---|---|---|---|---|
| Not For Loan | Non-fiction | D.B.Act.Division | Bawana | 24/08/2018 | DBAD/PUB | 195.00 | 327.120954 SHE | EN-107387 | 1 | 195.00 | English Books |
